<?xml version="1.0" encoding="UTF-8"?>
<record
    xmlns:xsi="http://www.w3.org/2001/XMLSchema-instance"
    xsi:schemaLocation="http://www.loc.gov/MARC21/slim http://www.loc.gov/standards/marcxml/schema/MARC21slim.xsd"
    xmlns="http://www.loc.gov/MARC21/slim">

  <leader>00495nam a2200181Ia 4500</leader>
  <controlfield tag="003">LK-CoDNM</controlfield>
  <controlfield tag="005">20240723111151.0</controlfield>
  <controlfield tag="008">010623t1926    xxu||||| |||| 00| 1 eng d</controlfield>
  <datafield tag="040" ind1=" " ind2=" ">
    <subfield code="a">LK-CoDNM</subfield>
    <subfield code="d">LK-CoDNM</subfield>
    <subfield code="e">LK-CoDNM</subfield>
  </datafield>
  <datafield tag="041" ind1=" " ind2=" ">
    <subfield code="a">eng</subfield>
  </datafield>
  <datafield tag="080" ind1=" " ind2=" ">
    <subfield code="a">8 </subfield>
    <subfield code="b">CC15</subfield>
  </datafield>
  <datafield tag="100" ind1=" " ind2=" ">
    <subfield code="a">Wallis,Wilson.D.</subfield>
  </datafield>
  <datafield tag="245" ind1=" " ind2="3">
    <subfield code="a">An Introduction to Anthropology</subfield>
  </datafield>
  <datafield tag="260" ind1=" " ind2=" ">
    <subfield code="b">Harper and Brothers Publishers</subfield>
    <subfield code="a">New York and London</subfield>
    <subfield code="c">1929</subfield>
  </datafield>
  <datafield tag="300" ind1=" " ind2=" ">
    <subfield code="b">xvi, 520p. : ill ; 21 cm</subfield>
  </datafield>
  <datafield tag="650" ind1=" " ind2=" ">
    <subfield code="a">Prehistoric man</subfield>
  </datafield>
  <datafield tag="942" ind1=" " ind2=" ">
    <subfield code="c">BK</subfield>
  </datafield>
  <datafield tag="952" ind1=" " ind2=" ">
    <subfield code="0">0</subfield>
    <subfield code="1">0</subfield>
    <subfield code="4">1</subfield>
    <subfield code="7">0</subfield>
    <subfield code="8">OBC</subfield>
    <subfield code="a">MAIN</subfield>
    <subfield code="b">MAIN</subfield>
    <subfield code="c">REF</subfield>
    <subfield code="d">2024-07-18</subfield>
    <subfield code="l">0</subfield>
    <subfield code="o">8  CC15</subfield>
    <subfield code="p">OB2654</subfield>
    <subfield code="r">2024-07-23</subfield>
    <subfield code="w">2024-07-23</subfield>
    <subfield code="y">BK</subfield>
  </datafield>
  <datafield tag="999" ind1=" " ind2=" ">
    <subfield code="c">93169</subfield>
    <subfield code="d">93169</subfield>
  </datafield>
</record>
